Псевдолинейная коррекция в системах автоматического регулирования; Молодежь и современные информационные технологии; Т. 1

Dades bibliogràfiques
Parent link:Молодежь и современные информационные технологии: сборник трудов XIII Международной научно-практической конференции студентов, аспирантов и молодых ученых, г. Томск, 9-13 ноября 2015 г./ Национальный исследовательский Томский политехнический университет (ТПУ), Институт кибернетики (ИК) ; под ред. Т. Е. Мамоновой [и др.].— , 2016
Т. 1.— 2016.— [С. 213-214]
Autor principal: Захаренко И. Е.
Autor corporatiu: Национальный исследовательский Томский политехнический университет (ТПУ) Институт кибернетики (ИК) Кафедра автоматики и компьютерных систем (АИКС)
Altres autors: Сипкова Н. С. (научный руководитель), Скороспешкин В. Н. Владимир Николаевич
Sumari:Заглавие с титульного экрана
Idioma:rus
Publicat: 2016
Col·lecció:Автоматизация и управление в технических системах
Matèries:
Accés en línia:http://earchive.tpu.ru/handle/11683/17139
Format: Electrònic Capítol de llibre
KOHA link:https://koha.lib.tpu.ru/cgi-bin/koha/opac-detail.pl?biblionumber=617592

MARC

LEADER 00000naa2a2200000 4500
001 617592
005 20240213124637.0
035 |a (RuTPU)RU\TPU\conf\15905 
035 |a RU\TPU\conf\15904 
090 |a 617592 
100 |a 20160316d2016 k y0rusy50 ca 
101 0 |a rus 
102 |a RU 
105 |a y z 101zy 
135 |a drcn ---uucaa 
181 0 |a i  
182 0 |a b 
200 1 |a Псевдолинейная коррекция в системах автоматического регулирования  |f И. Е. Захаренко, Н. С. Сипкова, В. Н. Скороспешкин  |g науч. рук. В. Н. Скороспешкин 
203 |a Текст  |c электронный 
225 1 |a Автоматизация и управление в технических системах 
300 |a Заглавие с титульного экрана 
320 |a [Библиогр.: с. 214 (2 назв.)] 
337 |a Adobe Reader 
461 1 |0 (RuTPU)RU\TPU\conf\15701  |t Молодежь и современные информационные технологии  |o сборник трудов XIII Международной научно-практической конференции студентов, аспирантов и молодых ученых, г. Томск, 9-13 ноября 2015 г.  |o в 2 т.  |f Национальный исследовательский Томский политехнический университет (ТПУ), Институт кибернетики (ИК) ; под ред. Т. Е. Мамоновой [и др.]  |d 2016 
463 0 |0 (RuTPU)RU\TPU\conf\15703  |t Т. 1  |v [С. 213-214]  |d 2016 
610 1 |a труды учёных ТПУ 
610 1 |a электронный ресурс 
610 1 |a псевдолинейные корректоры 
610 1 |a автоматическое регулирование 
610 1 |a ПИД-регуляторы 
610 1 |a фазовые опережения 
610 1 |a измерительные каналы 
700 1 |a Захаренко  |b И. Е. 
701 1 |a Сипкова  |b Н. С. 
701 1 |a Скороспешкин  |b В. Н.  |c специалист в области информатики и вычислительной техники  |c доцент Томского политехнического университета, кандидат технических наук  |f 1951-  |g Владимир Николаевич  |3 (RuTPU)RU\TPU\pers\26808  |9 12433 
702 1 |a Скороспешкин  |b В. Н.  |c специалист в области информатики и вычислительной техники  |c доцент Томского политехнического университета, кандидат технических наук  |f 1951-  |g Владимир Николаевич  |4 727 
712 0 2 |a Национальный исследовательский Томский политехнический университет (ТПУ)  |b Институт кибернетики (ИК)  |b Кафедра автоматики и компьютерных систем (АИКС)  |3 (RuTPU)RU\TPU\col\18698 
801 2 |a RU  |b 63413507  |c 20160404  |g RCR 
856 4 |u http://earchive.tpu.ru/handle/11683/17139 
942 |c BK